N-person game theory : concepts and applications /
Guardado en:
| Autor Principal: | |
|---|---|
| Formato: | Libro |
| Idioma: | English |
| Publicado: |
Ann Arbor :
University of Michigan Press,
c1970.
|
| Series: | Ann Arbor science library
Ann Arbor science paperbacks |
| Etiquetas: |
Agregar Etiqueta
Sin Etiquetas, Sea el primero en etiquetar este registro!
|
| LEADER | 00899nam a22002295 4500 | ||
|---|---|---|---|
| 001 | MAT.inmabb002075 | ||
| 008 | 700330s1970####miua#####b####001#0#eng#d | ||
| 005 | 20160802143918.0 | ||
| 245 | 1 | 0 | |a N-person game theory : |b concepts and applications / |c by Anatol Rapoport. |
| 260 | |a Ann Arbor : |b University of Michigan Press, |c c1970. | ||
| 300 | |a 331 p. : |b il. ; |c 21 cm. | ||
| 490 | 0 | |a Ann Arbor science library | |
| 490 | 0 | |a Ann Arbor science paperbacks | |
| 500 | |a Secuela del libro del autor Two-person game theory : the essential ideas. Ann Arbor : University of Michigan Press, 1966. | ||
| 504 | |a Bibliografía: p. [317]-320. | ||
| 510 | 4 | |a MR, |c 2001k:91001 | |
| 020 | |a 0472001175 | ||
| 100 | 1 | |a Rapoport, Anatol, |d 1911- | |
| 700 | 1 | |a Rapoport, Anatol, |d 1911- |t Two-person game theory. |4 ant | |
| 084 | |a 91-02 (01A75 91A06) |2 msc2000 | ||
| 010 | |a 79083451 | ||
| 859 | |h 91 |i R219 |p A-3727 |b BIB. MATEMATICA | ||
